| 000 | 00884cam a22002897a 4500 | ||
|---|---|---|---|
| 003 | CHAP | ||
| 005 | 20220329134559.0 | ||
| 008 | 971013s1964 r 00010 d | ||
| 010 | _a22487 | ||
| 011 | _a23459 | ||
| 035 | _a27555 | ||
| 040 | _cCHAP | ||
| 082 |
_a632.954 _bA83 |
||
| 100 | 0 | 0 |
_aAudus, Leslie John. _98312 |
| 245 | 1 | 4 | _aThe physiology and biochemistry of herbicides |
| 260 |
_aLondon : _bAcademic Press, _c1964 |
||
| 300 |
_a555 p. _b: ilus |
||
| 500 | _aIncluye bibliografía | ||
| 590 |
_aBATCH-UPD _b10 _c20130110 _lUCH01 _h0909 |
||
| 590 |
_aCONVERSION _b10 _c20130109 _lUCH01 _h1313 |
||
| 650 | 1 | 4 |
_aHerbicidas. _953691 |
| 650 | 1 | 4 |
_aMalas hierbas _xControl. _970011 |
| 901 | _aBK | ||
| 942 | _cLIBRO | ||
| 949 |
_a632.954 A83 _bBC _cLIBRO _d33724000187357 _eLIBRO _h23278 _i27555 _si |
||
| 949 |
_a632.954 A83 _bBC _cLIBRO _d33724000187365 _eLIBRO _fc.2 _h23279 _i27555 _si |
||
| 999 |
_c22487 _d22487 |
||